000 00334nam a2200145Ia 4500
008 230718s9999 xx 000 0 und d
041 _aEng.
082 _a347.07
_bWEI-P
100 _aWein. S.C. Welsh
245 0 _aPleadings Commygoming
260 _aPakistan
_bMansowe book
_c1997
300 _a200
650 _aLaw
999 _c28964
_d28964